[Event "GER-chT U12"]
[Site "Magdeburg"]
[Date "2016.12.29"]
[Round "6.3"]
[White "Beer, Ludwig"]
[Black "Henseler, Sebastian"]
[Result "1-0"]
[WhiteElo "1235"]
[BlackElo "769"]
[PlyCount "69"]
[EventDate "2016.12.27"]
[EventType "team-swiss"]
[EventRounds "7"]
[EventCountry "GER"]
[SourceTitle "EXT 2018"]
[Source "ChessBase"]
[SourceDate "2017.10.13"]
[SourceVersion "1"]
[SourceVersionDate "2017.10.13"]
[SourceQuality "1"]
[WhiteTeam "Berlin Empor"]
[BlackTeam "Neumarkt"]
[WhiteTeamCountry "GER"]
[BlackTeamCountry "GER"]

1. e4 e5 2. Nf3 Nc6 3. Bc4 Bd6 4. c3 Nf6 5. d3 Ng4 6. Ng5 Rf8 7. Qxg4 Bc5 8. Qf3 d6 9. Nxh7 Be6 10. Bxe6 Qe7 11. Bb3 0-0-0 12. Nxf8 Rxf8 13. Be3 Na5 14. Bc2 Bxe3 15. Qxe3 Nc6 16. Nd2 g5 17. 0-0-0 g4 18. f3 Qe6 19. Bb3 Qd7 20. fxg4 Qxg4 21. Qh3 Qd7 22. Qxd7+ Kxd7 23. h4 Ne7 24. h5 a6 25. h6 Ng6 26. Rdf1 f6 27. h7 b6 28. Rh6 Rh8 29. Rxg6 Rxh7 30. Rgxf6 Kc6 31. g4 Rg7 32. Rg1 Kd7 33. Rf7+ Rxf7 34. Bxf7 Ke7 35. Bb3 1-0